000 00724cab a22001935a 4500
001 L138885
008 070717e20070713xxk f 000 0 eng d
035 _a(Sirsi) u138885
041 0 _aeng
100 1 _aHeap, Richard
245 0 0 _aSpecial report
_bhealthcare
260 _c2007
490 0 _aProperty Week
_v72(28) 13 July 2007, 107-117(5)
520 _aDiscusses the European care homes market and its potential for UK investors, plans to update the NHS Local Improvement Finance Trust procurement system, and the UK retirement villages market with its tough planning regime.
590 _aKA
651 4 _aUnited Kingdom
_y
690 _aPROPERTY-OTHER PROPERTY TYPES-HEALTHCARE AND WELFARE PROPERTY
942 _n0
999 _c79022
_d79022